000 00446nam a22001697a 4500
003 CEME
005 20210628203611.0
008 210203b xxu||||| |||| 00| 0 eng d
040 _c.
082 _a297.1229 MUH
100 _aMuhammad Javed
_948306
245 _aSurah kausar say beemarion ka ilaj
260 _aLAHORE
_bFATEH PUBLISHER
_c2001
300 _a95P
650 _aISLAM-SURAH KAUSAR SAY BEEMARION KA ILAJ
_966481
942 _cBK
_2ddc
999 _c574454
_d574454